| 000 | 00376nam a2200145Ia 4500 | ||
|---|---|---|---|
| 008 | 150201s2011 xx 000 0 und d | ||
| 082 |
_a617.525 _bO2011C |
||
| 100 | _aCHAKRAVARTHY,C. | ||
| 245 | _aTEXT BOOK OF ORAL & MAXILLOFACIAL SURGERY | ||
| 250 | _a2ND | ||
| 260 |
_bPARAS PUBLISHING _aHYDERABAD _c2011 |
||
| 300 | _a1-678 | ||
| 650 | _aORAL SURGERY | ||
| 942 |
_2ddc _cBK _04 |
||
| 999 |
_c4725 _d4725 |
||